| 000 | 00497cam a2200193Ia 4500 | ||
|---|---|---|---|
| 020 | _a0804816794 | ||
| 020 | _a9780804816793 | ||
| 040 | _cOLY | ||
| 082 | 0 | 4 | _a796 CHA 1991 A087 Or. |
| 100 | 1 | _aBenjamin, David. | |
| 245 | 1 | 4 |
_aThe joy of sumo : _ba fan's guide / |
| 250 | _a1st ed. | ||
| 260 |
_aRutland, Vt. : _bCharles E. Tuttle Co., _c1991. |
||
| 300 |
_a293 p. : _bill. ; _c18 cm. |
||
| 500 | _aIncludes glossary (p. 289-293). | ||
| 650 | 0 | _aSumo. | |
| 650 | 0 | _aWrestling. | |
| 942 | _cEK | ||
| 999 |
_c13154 _d13154 |
||